000 00925nam a2200205Ia 4500
999 _c37965
_d37965
001 3947
003 GE_BSU
005 20190916124613.0
008 181216s1991||||ge |||||||||||||| ||geo||
040 _cGE_BSU
041 _ageo
080 _a332.8+312.7 ნ–21
100 _aნაკაშიძე, ბადრი
_94023
245 _aმოქალაქეთა კრებები საცხოვრებელი ადგილის მიხედვით თანამედროვე პირობებში /
_cრედ. ა. შონია.
264 _a ბათუმი :
_bაჭარა,
_c1991.
300 _a159 გვ.;
_b20 სმ.
653 _aმოქალაქეთა კრებები საცხოვრებელი ადგილის მიხედვით
700 _aშონია, ა.
_eრედაქტორი
_92035
942 _cBK
_2udc